书目信息 |
| 题名: |
教师心理卫生
|
|
| 作者: | 王以仁 著 | |
| 分册: | ||
| 出版信息: | 北京 中国轻工业出版社 1999.06 |
|
| 页数: | 384页 | |
| 开本: | 32开 | |
| 丛书名: | ||
| 单 册: | ||
| 中图分类: | G443 | |
| 科图分类: | ||
| 主题词: | 教育心理学 | |
| 电子资源: | ||
| ISBN: | 7-5019-2475-9 | |
| 000 | 00544nam0 2200193 45 | |
| 001 | 9912271633 | |
| 005 | 20000929201737.3 | |
| 010 | @a7-5019-2475-9@d22.00元 | |
| 100 | @a19991227d1999 km y0chiy0120 ea | |
| 101 | @achi | |
| 105 | @a z 000yy | |
| 200 | 1 | @a教师心理卫生@AJiao Shi Xin Li Wei Sheng@f王以仁等著@FWang Yi Ren Deng Zhu |
| 210 | @a北京@c中国轻工业出版社@d1999.06 | |
| 215 | @a384页@d32开 | |
| 606 | 0 | @a教育心理学 |
| 690 | @aG443@v3 | |
| 701 | @a王以仁@4著 | |
| 801 | @aCN@bPftUser@c19991227 | |
| 905 | @dG443@eW721@b160099-101@f3 | |
| 教师心理卫生/王以仁等著.-北京:中国轻工业出版社,1999.06 |
| 384页;32开 |
| ISBN 7-5019-2475-9:22.00元 |
| ● |
| 相关链接 |
|
|
|
正题名:教师心理卫生
索取号:G443/W721
 
预约/预借
| 序号 | 登录号 | 条形码 | 馆藏地/架位号 | 状态 | 备注 |
| 1 | 160099 | 201600990 | 社科库409/409社科库 3排3列5层/ [索取号:G443/W721] | 在馆 | |
| 2 | 160100 | 201601007 | 社科库409/409社科库 3排3列5层/ [索取号:G443/W721] | 在馆 | |
| 3 | 160101 | 201601016 | 社科库409/ [索取号:G443/W721] | 在馆 |